| 000 | 01771nam a2200325Ia 4500 | ||
|---|---|---|---|
| 999 |
_c43867 _d43867 |
||
| 001 | 10616 | ||
| 003 | GE_BSU | ||
| 005 | 20250414121453.0 | ||
| 008 | 181216s2011||||ge |||||||||||||| ||geo|| | ||
| 020 | _a9789941131943 | ||
| 040 | _cGE_BSU | ||
| 041 | _ageo | ||
| 080 | _a502.3(479.22) ს–44 | ||
| 100 |
_aსეფერთელაძე, ზურაბ _910191 |
||
| 245 |
_aბუნებათსარგებლობის გეოგრაფია=Geography of nature management : _b[სახელმძღვ.] / _cზურაბ სეფერთელაძე, ეთერ დავითაია, გელა მარგველანი; რედ. თენგიზ ურუშაძე; ივანე ჯავახიშვილის სახ. თსუ. |
||
| 264 |
_aთბ. : _b თბილ. უნ-ტის გამ-ბა, _c2011. |
||
| 300 |
_a232 გვ.; _b25 სმ. |
||
| 501 | _aძირითადი ტერმინოლოგია: გვ. 217-226. | ||
| 504 | _aბიბლიოგრ.: გვ. 227-230. | ||
| 520 | _aპარალ. თავფურ. და რეზ. ინგლ. | ||
| 541 | _h18ლ.50თ. | ||
| 653 | _aსაქართველოს ბუნება | ||
| 653 | _aრაციონალური ბუნებათსარგებლობა | ||
| 653 | _aბუნების დაცვა საქართველოში | ||
| 700 |
_aდავითაია, ეთერ _eავტორი _924780 |
||
| 700 |
_aმარგველანი, გელა _eავტორი _924781 |
||
| 700 |
_aურუშაძე, თენგიზ _eრედაქტორი _924782 |
||
| 710 |
_aთსუ. _924783 |
||
| 942 |
_cBK _2udc |
||